[Event "Sachsen-ch U18"]
[Site "Sebnitz"]
[Date "2012.04.13"]
[Round "6"]
[White "Hanisch, Paul"]
[Black "Frank, Patrick"]
[Result "1/2-1/2"]
[WhiteElo "1636"]
[BlackElo "1954"]
[PlyCount "75"]
[EventDate "2012.04.10"]
[EventType "swiss"]
[EventRounds "7"]
[EventCountry "GER"]
[SourceTitle "CBM 148 Extra"]
[Source "ChessBase"]
[SourceDate "2012.06.22"]
[SourceVersion "1"]
[SourceVersionDate "2012.06.22"]
[SourceQuality "1"]

1. e4 c5 2. d3 Nc6 3. Nd2 g6 4. g3 Bg7 5. Bg2 d6 6. Ngf3 e6 7. 0-0 Nge7 8. Re1 0-0 9. Nf1 Rb8 10. h4 b5 11. c3 b4 12. d4 bxc3 13. bxc3 cxd4 14. cxd4 Ba6 15. Ba3 Nb4 16. Qa4 Nec6 17. Rab1 Bb5 18. Qb3 a5 19. d5 exd5 20. exd5 Nd4 21. Nxd4 Bxd4 22. Bxb4 axb4 23. Qxb4 Qf6 24. Ne3 Bc3 25. Ng4 Qg7 26. Qxd6 h5 27. Re4 hxg4 28. Rxg4 Be5 29. Qe7 Rfe8 30. Qg5 Bd3 31. Rxb8 Rxb8 32. h5 gxh5 33. Qxh5 Bg6 34. Qg5 Qf6 35. Qe3 Kf8 36. Qc5+ Qd6 37. Qe3 Qf6 38. Qc5+ 1/2-1/2

[Event "Sachsen-ch U18"]
[Site "Sebnitz"]
[Date "2012.04.11"]
[Round "3"]
[White "Frank, Patrick"]
[Black "Schamschurko, Victor"]
[Result "1-0"]
[WhiteElo "1954"]
[BlackElo "1730"]
[PlyCount "79"]
[EventDate "2012.04.10"]
[EventType "swiss"]
[EventRounds "7"]
[EventCountry "GER"]
[SourceTitle "CBM 148 Extra"]
[Source "ChessBase"]
[SourceDate "2012.06.22"]
[SourceVersion "1"]
[SourceVersionDate "2012.06.22"]
[SourceQuality "1"]

1. d4 Nf6 2. c4 g6 3. Nc3 d5 4. Nf3 Bg7 5. Bf4 c5 6. dxc5 Qa5 7. Qa4+ Qxa4 8. Nxa4 dxc4 9. Nc3 a6 10. e4 Nbd7 11. Bxc4 Nxc5 12. e5 Nh5 13. Be3 Be6 14. Bxe6 Nxe6 15. Nd5 Rd8 16. 0-0-0 f5 17. Ng5 Nxg5 18. Bxg5 Bxe5 19. Rhe1 Rxd5 20. Rxd5 Bf4+ 21. Bxf4 Nxf4 22. Rd4 g5 23. g3 Ng6 24. Red1 Kf7 25. Rd8 Kf6 26. Rxh8 Nxh8 27. Rd7 h5 28. Rxb7 Ng6 29. Rb6+ e6 30. Rxa6 Ne5 31. Kd1 Nd3 32. Rb6 Nxf2+ 33. Ke2 Ne4 34. a4 h4 35. gxh4 g4 36. a5 f4 37. Rb4 f3+ 38. Ke3 f2 39. Rxe4 f1N+ 40. Kf2 1-0

[Event "Sachsen-ch U18"]
[Site "Sebnitz"]
[Date "2012.04.11"]
[Round "2"]
[White "Hartewig, Philipp"]
[Black "Frank, Patrick"]
[Result "0-1"]
[WhiteElo "1811"]
[BlackElo "1954"]
[PlyCount "58"]
[EventDate "2012.04.10"]
[EventType "swiss"]
[EventRounds "7"]
[EventCountry "GER"]
[SourceTitle "CBM 148 Extra"]
[Source "ChessBase"]
[SourceDate "2012.06.22"]
[SourceVersion "1"]
[SourceVersionDate "2012.06.22"]
[SourceQuality "1"]

1. d4 d5 2. c4 e6 3. Nf3 Nf6 4. Nc3 Be7 5. Bg5 0-0 6. cxd5 exd5 7. e3 c6 8. Bd3 Nbd7 9. 0-0 Re8 10. Rc1 Nf8 11. a3 Ng6 12. Qc2 Ne4 13. Bxe7 Qxe7 14. Bxe4 dxe4 15. Nd2 f5 16. Nc4 Be6 17. Qe2 Qg5 18. f4 exf3 19. Rxf3 f4 20. Nd6 Re7 21. Nce4 Qh6 22. Nc5 Rf8 23. Ndxb7 Bg4 24. Qc4+ Kh8 25. Rf2 f3 26. e4 Nf4 27. Rcf1 fxg2 28. Rxf4 gxf1Q+ 29. Rxf1 Qe3+ 0-1

[Event "Sachsen-ch U18"]
[Site "Sebnitz"]
[Date "2012.04.10"]
[Round "1"]
[White "Frank, Patrick"]
[Black "Dumke, Fabian"]
[Result "1-0"]
[WhiteElo "1954"]
[BlackElo "1581"]
[PlyCount "91"]
[EventDate "2012.04.10"]
[EventType "swiss"]
[EventRounds "7"]
[EventCountry "GER"]
[SourceTitle "CBM 148 Extra"]
[Source "ChessBase"]
[SourceDate "2012.06.22"]
[SourceVersion "1"]
[SourceVersionDate "2012.06.22"]
[SourceQuality "1"]

1. d4 d5 2. Nf3 Nf6 3. c4 e6 4. g3 b6 5. Bg2 Bb7 6. 0-0 Be7 7. Qc2 Nbd7 8. a3 c5 9. dxc5 bxc5 10. Bf4 0-0 11. cxd5 exd5 12. Ne5 Nb6 13. Nc3 Re8 14. Nd3 Bd6 15. Bxd6 Qxd6 16. e3 Bc6 17. Rfd1 Rac8 18. Nf4 Red8 19. Qe2 d4 20. Nb5 Bxb5 21. Qxb5 Qe7 22. exd4 cxd4 23. Rac1 Rxc1 24. Rxc1 Qd7 25. Qxd7 Rxd7 26. Nd3 h6 27. Kf1 Nfd5 28. Ke2 Rc7 29. Rxc7 Nxc7 30. Kf3 Ne6 31. Ke4 g6 32. Ke5 Kf8 33. Kd6 Ke8 34. Kc6 Nc4 35. Kb5 Nd6+ 36. Ka6 Nc8 37. Bh3 f5 38. Kb7 Ng5 39. Bg2 Kd8 40. Bd5 Ne4 41. Be6 Ned6+ 42. Kc6 a6 43. Bxc8 Nxc8 44. Kd5 Kd7 45. Kxd4 Kd6 46. Nc5 1-0